Geography Quiz

Random Geography or City Quiz

Consonant-Ending Asian Capital Search Quiz Stats

 Plays Quiz not verified by Sporcle

Score 0/25 Timer 04:00
0 Plays Today
% Correct
Moscow
96.3%
Beijing
89.3%
Pyongyang
87.3%
Ulaanbaatar
86.5%
Seoul
86.1%
Baghdad
84.4%
Tehran
82.4%
Bishkek
80.7%
Kabul
79.9%
Islamabad
79.5%
Bangkok
78.7%
Phnom Penh
78.7%
Riyadh
78.7%
% Correct
Muscat
78.3%
Yerevan
78.3%
Beirut
77.9%
Amman
77%
Bandar Seri Begawan
76.2%
Jerusalem
76.2%
Tashkent
76.2%
Damascus
75.8%
Ashgabat
75.4%
Naypyidaw
75.4%
Ramallah
75%
Kuala Lumpur
73.8%

You're not logged in!

Compare scores with friends on all Sporcle quizzes.
OR
Log In

Sporcle TV

Today on Sporcle TV


Watch our educational content, quiz creation guides, and fun videos on Sporcle TV.

Show Comments

Extras

Top Quizzes Today


Score Distribution

Your Account Isn't Verified!

In order to create a playlist on Sporcle, you need to verify the email address you used during registration. Go to your Sporcle Settings to finish the process.

Report this User

Report this user for behavior that violates our Community Guidelines.

Details: